000 01047nam a2200289 4500
001 30141
003 BD-RjUL
005 20211209051523.0
008 140409s1998 ii a b 001 0 eng d
020 _a0761992499 (alk. paper)
035 _a(BD-RjUL)30226
040 _aDLC
_cDLC
_dBD-RjUL
_beng
041 _aeng
082 0 0 _a153
_221
_bHUM 1998
245 0 0 _aHuman cognition :
_ba multidisciplinary perspective /
_ceditors, Indramani Singh, Raja Parasuraman.
260 _aNew Delhi ;
_aThousand Oaks, Calif. :
_bSage Publications,
_c1998.
300 _a372 p. :
_bill. ;
_c22 cm.
504 _aIncludes bibliographical references and indexes.
650 0 _aCognition.
_991644
700 1 _aSingh, Indramani,
_d1952-
_991645
700 1 _aParasuraman, R.
_991646
856 4 1 _3Table of contents only
_uhttp://www.loc.gov/catdir/enhancements/fy0657/98021377-t.html
856 4 2 _3Publisher description
_uhttp://www.loc.gov/catdir/enhancements/fy0660/98021377-d.html
942 _2ddc
_cBK
999 _c30141
_d30141